A pajzsmirigy és pancreas antagonismusáról

Elmentve itt :
Bibliográfiai részletek
Szerző: Baló József
Dokumentumtípus: Cikk
Megjelent: 1932
Sorozat:Kolligátum
Kulcsszavak:Pajzsmirigybetegségek
Online Access:http://misc.bibl.u-szeged.hu/25406
LEADER 00543nab a2200169 i 4500
001 misc25406
005 20191108150335.0
008 171024s1932 hu o 0|| zxx d
040 |a SZTE Miscellanea Repozitórium  |b hun 
041 |a zxx 
100 1 |a Baló József 
245 1 2 |a A pajzsmirigy és pancreas antagonismusáról  |h [elektronikus dokumentum] /  |c  Baló József 
260 |c 1932 
300 |a 1-8 
490 0 |a Kolligátum 
695 |a Pajzsmirigybetegségek 
856 4 0 |u http://misc.bibl.u-szeged.hu/25406/1/016_022_001-008b.pdf  |z Dokumentum-elérés